000 00521nam a2200193Ia 4500
005 20250923150013.0
008 008 250917s9999 xx 000 0 eng d
037 _aTextual
040 _aDSWL
_beng
_cDSWL
041 _aeng
_2eng
084 _aY:4375x2, N96
_qDSWL
245 0 _aMaking India Hindu
_c by David Ludden
260 _aDelhi
_bUniversity Press
_c1996
300 _aix,346 p.
365 _aINR
_b195.00
925 _g195.00
942 _cTEXL
_hY:4375x2, N96
999 _c1458387
_d1458387